000 00516nam a2200217Ia 4500
003 OSt
005 20220924144538.0
006 a|||||r|||| 00| 0
007 ta
008 220923b |||||||| |||| 00| 0 urd d
024 _a315464
037 _cTextual
040 _aARTS
_cARTS
_burd
041 _2urd
_aurd
082 _aO168,1M64,11, F5
245 0 _aKulliyat-e-saqi
260 _c1945
650 _aURDU POETRY
942 _hO168,1M64,11, F5
_cTEXL
_2CC
999 _c457396
_d457396